Spenser Novels Quiz Stats

 Plays Quiz not verified by Sporcle

Challenge
Share
Tweet
Embed
Score 0/40 Timer 08:00
0 Plays Today
Year Title % Correct
1973The Godwulf Manuscript
91.5%
1980Looking For Rachel Wallace
80.3%
2001Potshot
80.3%
1974God Save The Child
73.2%
2000Hugger Mugger
73.2%
1978The Judas Goat
70.4%
1992 Double Deuce
70.4%
1981Early Autumn
67.6%
1976Promised Land
66.2%
1983The Widening Gyre
66.2%
1975Mortal Stakes
63.4%
1986Taming A Sea-Horse
63.4%
1990Stardust
63.4%
2006Hundred-Dollar Baby
63.4%
1984Valediction
62%
1995Thin Air
60.6%
1985A Catskill Eagle
57.7%
1991Pastime
57.7%
2009The Professional
57.7%
1987Pale Kings and Princes
56.3%
Year Title % Correct
1999Hush Money
53.5%
2003Back Story
53.5%
2008Rough Weather
53.5%
2005Cold Service
52.1%
1994Walking Shadow
50.7%
1997Small Vices
50.7%
2002Widow's Walk
49.3%
1982Ceremony
47.9%
1989Playmates
47.9%
2007Now & Then
47.9%
1981A Savage Place
46.5%
1996Chance
45.1%
2005School Days
43.7%
1993Paper Doll
42.3%
1988Crimson Joy
40.8%
1998Sudden Mischief
39.4%
2009Chasing The Bear: A Young Spenser Novel
35.2%
2004Bad Business
33.8%
2011Sixkill
22.5%
2010Painted Ladies
16.9%

You're not logged in!

Compare scores with friends on all Sporcle quizzes.
Join for Free
OR
Log In

You Might Also Like...

Show Comments

Extras

Top Quizzes Today


Score Distribution

Your Account Isn't Verified!

In order to create a playlist on Sporcle, you need to verify the email address you used during registration. Go to your Sporcle Settings to finish the process.

Report this User

Report this user for behavior that violates our Community Guidelines.

Details: